Fighting the Fever : (Record no. 1715160)

MARC details
000 -LEADER
fixed length control field 00486 a2200169 4500
005 - DATE AND TIME OF LATEST TRANSACTION
control field 20260424105221.0
008 - FIXED-LENGTH DATA ELEMENTS--GENERAL INFORMATION
fixed length control field 260424b |||||||| |||| 00| 0 eng d
020 ## - INTERNATIONAL STANDARD BOOK NUMBER
International Standard Book Number 9781009568203
040 ## - CATALOGING SOURCE
Transcribing agency SDCL
041 ## - LANGUAGE CODE
Source of code eng
Language code of text/sound track or separate title eng
084 ## - COLON CLASSIFICATION NUMBER
Classification number V2'N R5
100 ## - MAIN ENTRY--PERSONAL NAME
Personal name Dutta, Achintya Kumar
245 ## - TITLE STATEMENT
Title Fighting the Fever :
Remainder of title Kala-azar in Eastern India, 1875–1947
260 ## - PUBLICATION, DISTRIBUTION, ETC.
Place of publication, distribution, etc. New Delhi :
Name of publisher, distributor, etc. Cambridge University Press,
Date of publication, distribution, etc. 2025.
300 ## - PHYSICAL DESCRIPTION
Extent xxiii, 388p.
942 ## - ADDED ENTRY ELEMENTS (KOHA)
Koha item type Textual
Source of classification or shelving scheme Colon Classification (CC)
100 ## - MAIN ENTRY--PERSONAL NAME
-- 1235613
999 ## -
-- 1715160
-- 1715160
Holdings
Withdrawn status Lost status Source of classification or shelving scheme Damaged status Not for loan Home library Current library Date acquired Source of acquisition Cost, normal purchase price Total checkouts Full call number Barcode Date last seen Cost, replacement price Price effective from Koha item type
    Colon Classification (CC)     South Campus Library South Campus Library 2026-04-23 30 1196.00   V2'N R5 SC1691888 2026-04-23 1495.00 2026-04-23 Textual
Copyright @ Delhi University Library System